zpět

Detail výsledku týmu

Tacl restaurant, Holešov

Datum a čas kvízu

40 Celkem bodů Celkový počet nahraných bodů na tomto kvízu bez doplňovacích otázek.
2. Pořadí na kvízu Konečné umístění týmu na tomto kvízu.

Zaznamenané odpovědi

# Otázka Odpověď Body Výsledky
1. Minulý týden jsme sledovali po... v Turecku 1
2. Parlamentní volby v Maďarsku s... TISZA 0
3. Kterému rapperovi byl zakázán... Kanyemu Westovi 1
4. Americký Federální úřad pro le... A 1
5. Cyklistický závod Kolem Flande... A 1
6. Vaším prvním úkolem v dnešním... 1B 2D 3A 4C 1
7. Poznejte (parodii na) gangster... Někdo to rád horké (Some Like It Hot) 1
8. Bud Spencer a Terence Hill spo... v Itálii 1
9. Gangster, na kterého se ptáme,... Jabba Hutt 0
10. Uveďte jméno i příjmení postav... John Wick 0